| 000 | 00391nam a2200157Ia 4500 | ||
|---|---|---|---|
| 008 | 230524s9999 xx 000 0 und d | ||
| 082 |
_a612 _bNAR |
||
| 100 |
_aS.Lakshmi Narayanan _923689 |
||
| 245 | 0 | _aTextbook of Therapeutic Exercises | |
| 250 | _a1ST | ||
| 260 |
_aNEW DELHI _bJaypee _c2005 |
||
| 300 | _aII;237 | ||
| 500 | _aQuantity Number: 1 | ||
| 650 | _aBiomedical | ||
| 942 | _cBK | ||
| 999 |
_c35235 _d35235 |
||